75 e-learning activities : making online learning interactive

Αποθηκεύτηκε σε:
Λεπτομέρειες βιβλιογραφικής εγγραφής
Κύριος συγγραφέας: Watkins, Ryan
Μορφή: Βιβλίο
Γλώσσα:English
Δημοσίευση: San Francisco : Pfeiffer, c2005
Σειρά:Essential resources for training and HR professionals
Θέματα:
Ετικέτες: Προσθήκη ετικέτας
Δεν υπάρχουν, Καταχωρήστε ετικέτα πρώτοι!

MARC

LEADER 00000nam a2200000 i 4500
001 1/54667
008 070912s2005 eng d
020 |a 0-7879-7585-0 
035 |l 10090641 
040 |a GR-MY-UA  |b gre  |e aacr 
041 0 |a eng 
082 0 |a 371.3344678  |2 (22) 
100 1 |a Watkins, Ryan. 
245 1 0 |a 75 e-learning activities :  |b making online learning interactive /  |c Ryan Watkins 
246 3 3 |a Seventy-five e-learning activities 
260 |a San Francisco :   |b Pfeiffer,   |c c2005 
300 |a xiii, 333 σ.;  |b εικ.;  |c 25 εκ.+  |e 1 οπτική δισκέτα λέϊζερ Η/Υ (4 3/4 ιν.) 
490 1 |a Pfeiffer 
504 |a Βιβλιογραφία: σ. 319-321 
504 |a Ευρετήριο: σ. 323-328 
650 0 0 |a Education  |x Computer network resources. 
650 0 0 |a Internet in education. 
650 0 0 |a Interactive multimedia. 
830 0 |a Essential resources for training and HR professionals 
852 |a INST  |b LESVOS  |e 20070912  |h 371.3344678 WAT  |p 005100041174  |q 005100041174  |t BK  |y 0 
852 |a INST  |b LESVOS  |e 20070912  |h 371.3344678 WAT   |p 005100041175  |q 005100041175  |t BK  |y 0 
901 |a BIBL1-2007-3 
909 |a Λ  |b 137960 
909 |a Λ  |b 137449 
922 |a 1ΕΛΗ  |b 200707  |c ΕΠΕΑΕΚ2/ΠΤΕ  |d ΕΛΕΥΘΕΡΟΥΔΑΚΗΣ 
970 |a ΚΑΡΑ  |b ΓΙΑΣΕΜΗ  |z 2007/09/12